Places in OCEANIA Quiz Stats

 Plays Quiz not verified by Sporcle

Support Sporcle.
Go Orange.
Score 0/100 Timer 12:00
0 Plays Today
Places Countries % Correct
SydneyAustralia
80%
AdelaideAustralia
73.3%
MelbourneAustralia
73.3%
PerthAustralia
73.3%
WellingtonNew Zealand
73.3%
BrisbaneAustralia
70%
DarwinAustralia
70%
HobartAustralia
70%
ApiaSamoa
70%
CanberraAustralia
66.7%
TasmaniaAustralia
66.7%
Nuku'alofaTonga
66.7%
HonoluluUnited States
66.7%
Wake IslandUnited States
66.7%
Murray RiverAustralia
63.3%
AucklandNew Zealand
63.3%
MelekeokPalau
63.3%
FunafutiTuvalu
63.3%
Jervis Bay TerritoryAustralia
60%
SuvaFiji
60%
South TarawaKiribati
60%
PalikirMicronesia
60%
Port MoresbyPapua New Guinea
60%
Midway AtollUnited States
60%
Port-VilaVanuatu
60%
Easter IslandChile
56.7%
Viti Levu and Vanua LevuFiji
56.7%
YarenNauru
56.7%
Aoraki (or Mount Cook)New Zealand
56.7%
HoniaraSolomon Islands
56.7%
Gulf of CarpentariaAustralia
53.3%
Lake EyreAustralia
53.3%
MajuroMarshall Islands
53.3%
Chatham IslandsNew Zealand
53.3%
Places Countries % Correct
Baker IslandUnited States
53.3%
Jarvis IslandUnited States
53.3%
Pago PagoUnited States
53.3%
Bass StraitAustralia
46.7%
Coral Sea IslandsAustralia
46.7%
Mount KosciuszkoAustralia
46.7%
Kiritimati (or Christmas Island)Kiribati
46.7%
Clipperton IslandFrance
43.3%
KororPalau
43.3%
Howland IslandUnited States
43.3%
Johnston AtollUnited States
43.3%
Ashmore and Cartier IslandsAustralia
40%
GuadalcanalSolomon Islands
40%
Eua, Ha'apai, Niuas, Tongatapu and Vava'uTonga
40%
SaipanUnited States
40%
KingstonAustralia
36.7%
Juan Fernández IslandsChile
36.7%
Carstensz Pyramid (or Puncak Jaya)Indonesia
36.7%
JayapuraIndonesia
36.7%
Lake TaupoNew Zealand
36.7%
HagåtñaUnited States
36.7%
NouméaFrance
33.3%
PapeeteFrance
33.3%
Diamond HeadUnited States
33.3%
Palmyra AtollUnited States
33.3%
Okinotori IslandsJapan
30%
Yap and KosraeMicronesia
30%
Huon PeninsulaPapua New Guinea
30%
Kingman ReefUnited States
30%
NgerulmudPalau
26.7%
Sepik RiverPapua New Guinea
26.7%
Savai'iSamoa
26.7%
VaitupuTuvalu
26.7%
WenoMicronesia
23.3%
Places Countries % Correct
AlofiNew Zealand
23.3%
AvaruaNew Zealand
23.3%
Lake MurrayPapua New Guinea
23.3%
Banaba IslandKiribati
20%
NukunonuNew Zealand
20%
Mount WilhelmPapua New Guinea
20%
AgrihanUnited States
20%
FagatogoUnited States
20%
TinianUnited States
20%
TutuilaUnited States
20%
Espiritu SantoVanuatu
20%
RotumaFiji
16.7%
Mata-UtuFrance
16.7%
KoloniaMicronesia
16.7%
Babeldaob (or Babelthaup)Palau
16.7%
Admiralty IslandsPapua New Guinea
16.7%
New Georgia IslandsSolomon Islands
16.7%
AdamstownUnited Kingdom
16.7%
Mount TomaniviFiji
13.3%
Apolima StraitSamoa
13.3%
Mount PopomanaseuSolomon Islands
13.3%
DededoUnited States
13.3%
Marcus IslandJapan
10%
Momase RegionPapua New Guinea
10%
UpoluSamoa
10%
Marovo lagoonSolomon Islands
10%
LuganvilleVanuatu
10%
Mount TabwemasanaVanuatu
10%
MamberamoIndonesia
6.7%
ManokwariIndonesia
6.7%
Ratak Chain and Ralik ChainMarshall Islands
6.7%
Buada LagoonNauru
6.7%

You're not logged in!

Compare scores with friends on all Sporcle quizzes.
OR
Log In

From the Vault

4-Letter TV Men

by El_Dandy

Everyone with 3 or 5 letters is making that face.
Remove Ads.
Support Sporcle.
Get the best of Sporcle when you Go Orange. This ad-free experience offers more features, more stats, and more fun while also helping to support Sporcle. Thank you for becoming a member.

Show Comments

Extras

Top Quizzes Today


Score Distribution

Your Account Isn't Verified!

In order to create a playlist on Sporcle, you need to verify the email address you used during registration. Go to your Sporcle Settings to finish the process.

Report this User

Report this user for behavior that violates our Community Guidelines.

Details: